Chính sách đối với lao động vị mất việc làm trong các doanh nghiệp do suy giảm kinh tế Văn bản pháp luật

Gồm các chính sách mới nhất của Chính phủ và của các bộ về cho doanh nghiệp vay lãi với lãi suất 0% để trả nợ lương, đóng bảo hiểm xã hội, trả trợ cấp thôi việc, trợ cấp mất việc làm, chính sách đối với người lao động trong các do...

Deskribapen osoa

Gorde:
Xehetasun bibliografikoak
Egile nagusia: Lê, Nga Lê, Nga (sưu tầm)
Formatua: Liburua
Hizkuntza:Undetermined
Argitaratua: H. Thống kê 2009
Gaiak:
Sarrera elektronikoa:http://lrc.tdmu.edu.vn/opac/search/detail.asp?aID=2&ID=7396
Etiketak: Etiketa erantsi
Etiketarik gabe, Izan zaitez lehena erregistro honi etiketa jartzen!
Thư viện lưu trữ: Trung tâm Học liệu Trường Đại học Thủ Dầu Một
LEADER 01304nam a2200217Ia 4500
001 TDMU_7396
008 210410s9999 xx 000 0 und d
082 |a 344.597 01 
090 |b L250 
100 |a Lê, Nga Lê, Nga (sưu tầm) 
245 0 |a Chính sách đối với lao động vị mất việc làm trong các doanh nghiệp do suy giảm kinh tế 
245 0 |b Văn bản pháp luật 
245 0 |c St, tuyển chọn: Lê Nga,Vũ Duy,Lê Duyên 
260 |a H. 
260 |b Thống kê 
260 |c 2009 
300 |a 276tr 
520 |a Gồm các chính sách mới nhất của Chính phủ và của các bộ về cho doanh nghiệp vay lãi với lãi suất 0% để trả nợ lương, đóng bảo hiểm xã hội, trả trợ cấp thôi việc, trợ cấp mất việc làm, chính sách đối với người lao động trong các doanh nghiệp có chủ doanh nghiệp bỏ trốn... 
650 |a Chính sách; Lao động; Mất việt; Doanh nghiệp; Suy giảm kinh tế; Văn bản pháp luật 
856 |u http://lrc.tdmu.edu.vn/opac/search/detail.asp?aID=2&ID=7396 
980 |a Trung tâm Học liệu Trường Đại học Thủ Dầu Một